The corporate responsibility code book
Αποθηκεύτηκε σε:
| Κύριος συγγραφέας: | |
|---|---|
| Μορφή: | Βιβλίο |
| Γλώσσα: | English |
| Δημοσίευση: |
Sheffield :
Greenleaf,
2003
|
| Θέματα: | |
| Ετικέτες: |
Προσθήκη ετικέτας
Δεν υπάρχουν, Καταχωρήστε ετικέτα πρώτοι!
|
MARC
| LEADER | 00000nam a2200000 i 4500 | ||
|---|---|---|---|
| 001 | 1/82977 | ||
| 008 | 080417s2003 eng d | ||
| 020 | |a 1-874719-78-0 | ||
| 035 | |l 10096806 | ||
| 040 | |a GR-MY-UA |b gre |e aacr | ||
| 041 | 0 | |a eng | |
| 082 | 0 | |a 658.408 |2 (22) | |
| 100 | 1 | |a Leipziger, Deborah. | |
| 245 | 1 | 4 | |a The corporate responsibility code book / |c Deborah Leipziger |
| 260 | |a Sheffield : |b Greenleaf, |c 2003 | ||
| 300 | |a 512 σ.; |b πίν.; |c 24 εκ. | ||
| 650 | 0 | 0 | |a Social responsibility of business |z United States. |
| 852 | |a INST |b LESVOS |e 20080417 |h 658.408 LEI |p 005100042478 |q 005100042478 |t BK |y 0 | ||
| 901 | |a BIBL1-2008-1 | ||
| 909 | |a Λ |b 144251 | ||
| 922 | |a 1ΕΛΗ |b 200801 |c ΕΠΕΑΕΚ2/ΤΠ |d ΠΑΠΑΣΩΤΗΡΙΟΥ | ||
| 970 | |a ΧΑΤΖΗΜΙΧΑΗΛ |b ΜΑΡΙΑ |z 2008/04/17 | ||